000
00321 a2200157 4500
001
174738
020
_a
040
_c
Magnum
100
_a
Góes, Lúcia Pimentel
240
1
0
_a
O jacare e o gato
_l
por
245
1
0
_a
O jacare e o gato
362
0
_a
1899
440
1
_a
Do Brasil
697
_a
I/ANIMAIS
942
_c
BK
999
_c
174738
_d
174738